| 000 | 01184nam a22002537a 4500 | ||
|---|---|---|---|
| 005 | 20240530110424.0 | ||
| 008 | 150128s2008 ua g 000 0 ara d | ||
| 040 | _aEG-CaGPL | ||
| 041 | 0 | _aara | |
| 082 | 0 | 4 |
_221 _a953.105\ _bج ن |
| 100 | 0 | _aجمال محمود حجر | |
| 245 | 1 | 0 |
_aنصوص و وثائق تاريخية : _bالمشرق الاسلامى فى استراتيجية الدعاية السوفيتية 1917 - 1938 / _cجمال محمود حجر |
| 260 |
_aالاسكندرية : _bدار المعرفة الجامعية ، _c2002 |
||
| 300 |
_aمتعدد ؛ _c24 سم |
||
| 650 | 0 | 4 | _aالوثائق التاريخية |
| 651 | 0 | 4 |
_aبريطانيا _xالعلاقات الخارجية _zروسيا |
| 651 | 0 | 4 |
_aبريطانيا _xالعلاقات الخارجية _zالسعودية |
| 651 | 0 | 4 |
_aالسعودية _xتاريخ _yالعصر الحديث _yحكم الملك عبدالعزيز السعود |
| 651 | 0 | 4 |
_aبريطانيا _xالسياسة الخارجية |
| 651 | 0 | 4 |
_aروسيا _xالسياسة الخارجية |
| 651 | 0 | 4 |
_aالسعودية _xالسياسة الخارجية |
| 942 |
_2ddc _cBK |
||
| 999 |
_c60710 _d60710 |
||